Prognózovanie a plánovanie činnosti podniku a VTR
Salvato in:
| Autore principale: | |
|---|---|
| Ente Autore: | |
| Altri autori: | |
| Natura: | Libro |
| Lingua: | slovacco |
| Pubblicazione: |
Bratislava
Alfa
1988
|
| Soggetti: | |
| Tags: |
Nessun Tag, puoi essere il primo ad aggiungerne!!
|
MARC
| LEADER | 00000nam a2200000 4500 | ||
|---|---|---|---|
| 001 | 0160327 | ||
| 005 | 20240502072800.4 | ||
| 020 | |a [nemá] | ||
| 041 | 0 | |a slo | |
| 044 | |a SK | ||
| 245 | 1 | 0 | |a Prognózovanie a plánovanie činnosti podniku a VTR |c Štefan Vružek, Jana Sakalová |
| 264 | 1 | |a Bratislava |b Alfa |c 1988 | |
| 300 | |a 337 s. [27,97 AH] | ||
| 610 | 2 | 0 | |a prognózovanie |
| 610 | 2 | 0 | |a prognózy podnikové |
| 610 | 2 | 0 | |a plánovanie podnikové |
| 610 | 2 | 0 | |a modely plánovania |
| 610 | 2 | 0 | |a plán výrobný |
| 610 | 2 | 0 | |a plán rozvoja sociálneho |
| 610 | 2 | 0 | |a plán finančný |
| 610 | 2 | 0 | |a rozvoj vedeckotechnický |
| 100 | 1 | |a Vružek, Štefan | |
| 700 | 1 | |a Czillingová, Jana | |
| 710 | 2 | |a Technická univerzita v Košiciach. Strojnícka fakulta | |